Ida al campo
Spremljeno u:
| Glavni autor: | |
|---|---|
| Format: | Knjiga |
| Jezik: | španjolski njemački |
| Izdano: |
Valparaíso
Universidad Católica de Valparaíso, Escuela de Arquitectura
1978
|
| Teme: | |
| Oznake: |
Dodaj oznaku
Bez oznaka, Budi prvi tko označuje ovaj zapis!
|
MARC
| LEADER | 00000nam a2200000 a 4500 | ||
|---|---|---|---|
| 001 | UCV7926 | ||
| 003 | CL-VaPUC | ||
| 008 | 900309e19780000CL |||||||||||||||||spa|d | ||
| 041 | 0 | 7 | |a spa |2 CL-VaPUC |
| 041 | 0 | 7 | |a ger |2 CL-VaPUC |
| 082 | 0 | 4 | |a 831 |b HOL |2 21 |
| 100 | 0 | |a Holderlin, Friedrich |e author |9 265116 | |
| 245 | 1 | 0 | |a Ida al campo |
| 300 | |a 18 p | ||
| 942 | |c BK | ||
| 945 | |d 19900309 00:00:00 | ||
| 260 | |a Valparaíso |b Universidad Católica de Valparaíso, Escuela de Arquitectura |c 1978 | ||
| 650 | 7 | |a POESIAS ALEMANAS |2 CL-VaPUC |9 302016 | |
| 583 | |a last modification |c 19900309 00:00:00 |k Rodrigo Vera | ||
| 999 | |c 213527 |d 213525 | ||
| 952 | |0 0 |1 0 |4 0 |6 831_000000000000000_HOL_1978 |7 0 |8 A |9 195993 |a BIBARQ |b BIBARQ |d 2019-11-14 |i 2639572 |o 831 HOL 1978 |p 2639572 |r 2025-01-20 |w 2019-11-14 |y BK |k ARQ | ||
| 952 | |0 0 |1 0 |4 0 |6 831_000000000000000_HOL_1978 |7 0 |8 A |9 195994 |a BIBARQ |b BIBARQ |d 2019-11-14 |i 2639580 |o 831 HOL 1978 |p 2639580 |r 2025-01-20 |w 2019-11-14 |y BK |k ARQ | ||
| 952 | |0 0 |1 0 |4 0 |6 831_000000000000000_HOL_1978 |7 0 |8 A |9 195995 |a BIBARQ |b BIBARQ |d 2019-11-14 |i 3612171 |o 831 HOL 1978 |p 3612171 |r 2025-01-20 |w 2019-11-14 |y BK |k ARQ | ||